| 000 | 00399cam a2200133u 4500 | ||
|---|---|---|---|
| 082 |
_a954.031 _bINN |
||
| 100 | 1 | _aInnes, McLeod, | |
| 245 | 1 | 4 |
_aThe Sepoy revolt, _ba critical narrative. |
| 260 |
_aLondon, _bA. D. Innes & co., _c1897. |
||
| 300 |
_axviii p., 2 l., _b3-319 p. fold. front., fold. maps. _c21 cm. |
||
| 526 |
_a0 _b0 _c0 _d954_031000000000000_INN |
||
| 650 |
_aMCE _9379 |
||
| 942 |
_2ddc _cBK |
||
| 999 |
_c553133 _d553133 |
||